Máquinas de corriente continua, máquinas de corriente alterna (Record no. 109859)

MARC details
000 -LEADER
campo de control de longitud fija 00997nam a2200265 i 4500
001 - NÚMERO DE CONTROL
campo de control 109859
003 - IDENTIFICADOR DE NÚMERO DE CONTROL
campo de control ES-MaACL
005 - FECHA Y HORA DE LA ÚLTIMA TRANSACCIÓN
campo de control 20251114151307.0
007 - CAMPO FIJO DE DESCRIPCIÓN FÍSICA--INFORMACIÓN GENERAL
campo de control de longitud fija t|
008 - DATOS DE LONGITUD FIJA--INFORMACIÓN GENERAL
campo de control de longitud fija 061121s1961 sp r ||||1| spa d
100 1# - ENTRADA PRINCIPAL--NOMBRE DE PERSONA
Nombre de persona Moeller, Franz.
9 (RLIN) 81764
245 10 - MENCIÓN DEL TÍTULO
Título Máquinas de corriente continua, máquinas de corriente alterna
Resto del título : (incluso transformadores) /
Mención de responsabilidad, etc. por Franz Moeller, Erwin Kübler, Th. Werr ; traducción de la séptima edición alemana por Juan Corrales Martín.
250 ## - MENCION DE EDICION
Mención de edición 2ª ed.
260 ## - PUBLICACIÓN, DISTRIBUCIÓN, ETC.
Lugar de publicación, distribución, etc. Barcelona [etc.] :
Nombre del editor, distribuidor, etc. Labor,
Fecha de publicación, distribución, etc. 1961.
300 ## - DESCRIPCIÓN FÍSICA
Extensión XVII, 623 p. ;
Dimensiones 23 cm.
490 1# - MENCIÓN DE SERIE
Mención de serie Electrotecnia General y Aplicada ;
Designación de volumen o secuencia 2
594 ## - Nota al título y mención de responsabilidad
Nota al título y mención de responsabilidad Precede al tít.: Moeller-Werr.
650 04 - PUNTO DE ACCESO ADICIONAL DE MATERIA--TÉRMINO DE MATERIA
Término de materia o nombre geográfico como elemento de entrada Máquinas eléctricas.
9 (RLIN) 14765
700 1# - ENTRADA AGREGADA--NOMBRE PERSONAL
Nombre de persona Werr, Theodor.
9 (RLIN) 116512
700 1# - ENTRADA AGREGADA--NOMBRE PERSONAL
Nombre de persona Kübler, Erwin.
9 (RLIN) 166590
700 1# - ENTRADA AGREGADA--NOMBRE PERSONAL
Nombre de persona Corrales Martín, Juan,
Fechas asociadas al nombre 1907-2000
9 (RLIN) 40736
830 0# - PUNTO DE ACCESO ADICIONAL DE SERIE-TÍTULO UNIFORME
Título uniforme Electrotecnia General y Aplicada ;
Designación de volumen o secuencia 2
9 (RLIN) 187153
852 ## - LOCALIZACIÓN
Ubicación ES-MaACL
Número de control de estantería P-559-1
Holdings
Estatus retirado Estado de pérdida Estado de daño No para préstamo Biblioteca de origen Biblioteca actual Ubicación en estantería Fecha de adquisición Fuente de adquisición Total de préstamos Signatura topográfica completa Código de barras Visto por última vez Precio de reemplazo Tipo de ítem Koha
        Biblioteca del Ateneo de Madrid Biblioteca del Ateneo de Madrid Depósito 2 17/01/2008     P-559-1 1114623 23/02/2023 23/02/2023 Libro impreso